00609nam a2200133Ia 4500008004100000020001800041082002300059245012900082260005300211300001100264440006800275650006100343710007100404120622s9999 xx 000 0 und d a968-810-120-6 a327.72 A673hd v.27 aMéxico y la paz / coord. y comp. Instituto Matias Romero de Estudios Diplomáticos ; pról. de Bernardo Sepúlveda Amor aMéxico : Secretaría de Relaciones Exteriores a225 p. aArchivo Histórico Diplomático Mexicano. Cuarta época ; 27 a1. DERECHO INTERNACIONAL \ 2. ORGANISMOS INTERNACIONALES aInstituto Matías Romero de Estudios Diplomáticos (México)Ì